000
00281nam a2200121Ia 4500
008
190216s9999||||xx |||||||||||||| ||und||
100
_a
Subir Kumar Banerjee
245
0
_a
Financial Management
260
_b
Sahithyasadan
_c
1999
300
_a
776p
650
_a
Commerce
942
_c
BK
999
_c
5715
_d
5715